Cuenta del Rector ante el claustro 1998.
Kaydedildi:
| Müşterek Yazar: | |
|---|---|
| Materyal Türü: | Kitap |
| Dil: | İspanyolca |
| Baskı/Yayın Bilgisi: |
Valparaíso, Chile
Universidad Católica de Valparaíso
1999
|
| Edisyon: | Primera edición |
| Seri Bilgileri: | Cuentas de Rectoría
|
| Konular: | |
| Etiketler: |
Etiketle
Etiket eklenmemiş, İlk siz ekleyin!
|
MARC
| LEADER | 00000nam a2200000 a 4500 | ||
|---|---|---|---|
| 001 | UCO9441 | ||
| 003 | CL-VaPUC | ||
| 005 | 20250425110444.0 | ||
| 008 | 010302e19990000CL |||||||||||||||||spa|d | ||
| 999 | |c 293649 |d 293647 | ||
| 040 | |c Pontificia Universidad Católica de Valparaíso | ||
| 082 | 0 | 4 | |a 378.107 UNI 1999 |2 21 |
| 110 | 2 | |a Universidad Católica de Valparaíso |e autor |9 454589 | |
| 245 | 1 | 0 | |a Cuenta del Rector ante el claustro 1998. |
| 250 | |a Primera edición | ||
| 260 | 0 | 3 | |a Valparaíso, Chile |b Universidad Católica de Valparaíso |c 1999 |
| 300 | |a 58 páginas | ||
| 490 | 0 | |a Cuentas de Rectoría | |
| 583 | |a last modification |c 20120606 06:33:01 |k Rodrigo Vera | ||
| 600 | |a Donoso Riveros, Bernardo Alfonso |d 1946- |9 885721 | ||
| 650 | 7 | |a INFORMES DE GESTION |2 CL-VaPUC |9 312822 | |
| 650 | 7 | |a INFORMES ANUALES |2 CL-VaPUC |9 351560 | |
| 650 | 0 | |a Universidades |9 256317 | |
| 650 | 0 | |a Académicos |x Pontificia Universidad Católica de Valparaíso (PUCV) |9 255553 | |
| 650 | 0 | |a Archivo histórico PUCV |9 255554 | |
| 650 | 7 | |a RENDICION DE CUENTAS |2 CL-VaPUC |9 402447 | |
| 942 | |c BK |2 ddc |n 0 | ||
| 945 | |d 20010302 00:00:00 |a vberengu | ||
| 952 | |0 0 |1 0 |2 ddc |4 0 |6 378_107000000000000_UNI_1999 |7 0 |8 P |9 345332 |a BIBDER |b BIBDER |d 2019-11-20 |i 3604640 |o 378.107 UNI 1999 |p 3604640 |r 2023-01-25 |t 3 |w 2019-11-20 |y BK |k DER | ||
| 952 | |0 0 |1 0 |2 ddc |4 0 |6 378_107000000000000_UNI_1999 |7 0 |8 X |9 345333 |a FDOBUD |b FDOBUD |d 2019-11-20 |i 1047620 |o 378.107 UNI 1999 |p 1047620 |r 2019-11-20 |t 1 |w 2019-11-20 |y BK_X |k FHP | ||
| 952 | |0 0 |1 0 |2 ddc |4 0 |6 378_107000000000000_UNI_1999 |7 0 |8 X |9 345334 |a FDOBUD |b FDOBUD |d 2019-11-20 |i 1074342 |o 378.107 UNI 1999 |p 1074342 |r 2019-11-20 |t 2 |w 2019-11-20 |y BK_X |k FHP | ||